01229nam a2200301Ia 4500001001200000003000800012006001900020007001500039008004100054020001800095020001800113040002100131035002100152050002400173100004100197245014100238260006100379300001000440490003500450504004100485533015200526650003400678650002600712655002900738710001700767856012600784999001700910ebr10661231CaPaEBRm u cr cn|||||||||121213s2012 dcu sb i000 0 eng d z9781475573466 z9781475592474 aCaPaEBRcCaPaEBR a(OCoLC)82106219914aHJ2305b.S65 2012eb1 aSmith, James L.q(James Lee),d1950-10aIssues in extractive resource taxationh[electronic resource] :ba review of research methods and models /cprepared by James L. Smith. aWashington, D.C. :bInternational Monetary Fund,cc2012. a25 p.0 aIMF working paper ;vWP/12/287 aIncludes bibliographical references. aElectronic reproduction.bPalo Alto, Calif. :cebrary,d2013.nAvailable via World Wide Web.nAccess may be limited to ebrary affiliated libraries. 0aMineral industriesxTaxation. 0aIndustriesxTaxation. 7aElectronic books.2local2 aebrary, Inc.40uhttp://site.ebrary.com/lib/rucke/Doc?id=10661231zAn electronic book accessible through the World Wide Web; click to view c65457d65457